MARC

Tag First Indicator Second Indicator Subfields
LEADER 00000cas a2200000 a 4500
001 in00000263113
008 780918d19461947dcuar i1 a0eng c
005 20251021195827.1
010 |a sn 85024411  
016 7 |a 013833162  |2 DE-101 
016 7 |a 706023-3  |2 DE-600 
019 |a 49448572 
029 1 |a AU@  |b 000004530184 
029 1 |a NLGGC  |b 044465564 
029 1 |a NZ1  |b 4863134 
035 |a (OCoLC)ocm04230898 
035 |a (OCoLC)4230898  |z (OCoLC)49448572 
035 |a (OCoLC)ocm04230898 
040 |a VTU  |b eng  |c VTU  |d MUL  |d IXA  |d NST  |d NYG  |d OCLCQ  |d EEM  |d IUL  |d DEBBG  |d GBVCP  |d OCLCQ  |d OCLCF  |d OCL  |d OCLCA  |d OCLCQ  |d OCLCL  |d OCLCQ 
042 |a pcc 
050 4 |a S401.U6  |b A15 
110 2 |a Food and Agriculture Organization of the United Nations.  |b Conference. 
245 1 0 |a Annual report of the director-general to the FAO Conference /  |c Food and Agriculture Organization of the United Nations. 
264 1 |a Washington :  |b FAO,  |c 1946-1947. 
300 |a 2 volumes ;  |c 27 cm 
310 |a Annual 
336 |a text  |b txt  |2 rdacontent 
337 |a unmediated  |b n  |2 rdamedia 
338 |a volume  |b nc  |2 rdacarrier 
362 0 |a 1st (5 July 1946)-2nd (July 1947). 
650 0 |a Food supply  |x International cooperation  |v Congresses. 
650 0 |a Agriculture  |x International cooperation  |v Congresses. 
610 2 0 |a Food and Agriculture Organization of the United Nations  |v Congresses. 
610 2 7 |a Food and Agriculture Organization of the United Nations.  |2 fast  |0 (OCoLC)fst00540321 
650 7 |a Agriculture  |x International cooperation.  |2 fast  |0 (OCoLC)fst00801551 
650 7 |a Food supply  |x International cooperation.  |2 fast  |0 (OCoLC)fst00931212 
655 7 |a Conference papers and proceedings.  |2 fast  |0 (OCoLC)fst01423772 
776 0 8 |i Online version:  |a Food and Agriculture Organization of the United Nations. Conference.  |t Annual report of the director-general to the FAO Conference  |w (OCoLC)654822220 
785 0 0 |a Food and Agriculture Organization of the United Nations. Conference.  |t Work of FAO  |w (DLC)sn 85024412  |w (OCoLC)4268159 
850 |a InLP  |a N  |a TxU 
891 2 0 |9 853  |8 1  |a +  |i (year)  |j (month)  |w a 
891 4 0 |9 863  |8 1.1  |a 1-2  |i 1946-1947  |j 07 
948 |h NO HOLDINGS IN TXA - 80 OTHER HOLDINGS 
994 |a Z0  |b TXA 
999 f f |s 520312dc-78df-3361-9434-bac5a7d72d44  |i 712766a8-1c54-30e0-b076-08aaecd7bc5b  |t 0 
952 f f |p ric  |a Texas A&M University  |b Rellis Campus  |c Joint Library Facility  |d Remote Storage  |t 0  |e S401.U6 A15  |h Library of Congress classification  |i unmediated -- volume  |l 1945/1950  |m A14842593387 
998 f f |a S401.U6 A15  |s 1945/1946-1946/1947  |t 0  |l Remote Storage